000 00701nam a2200229Ia 4500
003 GCL
008 140319s9999 xx 000 0 ara d
040 _aGCL /
_cGCL
082 0 4 _aط 813.02
_bر ب
100 1 _aرشاد كيلانى
245 1 0 _aالارنب و السحلفاة /
_cرشاد كيلانى
260 _aالقاهرة :
_bمطبعة الكيلانى الصغير
300 _a13 ص ؛
_c27 سم
490 _aبابا حكى لى
_v0
650 0 4 _aالقصص القصيرة
650 0 4 _aقصص الاطفال
650 0 4 _aالاساطير
650 0 4 _aالقصص الفكاهية
650 0 4 _aالطيور
650 0 4 _aالحيوانات - قصص
942 _2ddc
_cBK
999 _c6832
_d6832